"Poetando" Lʼuomo della notte . Poesie sottovoce ai microfoni di RadioUno
Salvato in:
| Autore principale: | |
|---|---|
| Natura: | Libro |
| Lingua: | Spanish |
| Pubblicazione: |
[lugar de publicación no identificado]
Aliberti, editore
2008
|
| Soggetti: | |
| Tags: |
Aggiungi Tag
Nessun Tag, puoi essere il primo ad aggiungerne!!
|
MARC
| LEADER | 00000nam a22000007a 4500 | ||
|---|---|---|---|
| 008 | 181109b xxu||||| |||| 00| 0 spa d | ||
| 999 | |c 30640 |d 30640 | ||
| 020 | |a 978-88-7424-534-5 | ||
| 040 | |a cru BVZT | ||
| 090 | |a 850 P-8.1p | ||
| 100 | |a Constanzo,Maurizio, editor | ||
| 245 | |a "Poetando" Lʼuomo della notte . |b Poesie sottovoce ai microfoni di RadioUno |c / Maurizio Constanzo, editor | ||
| 260 | |a [lugar de publicación no identificado] |b Aliberti, editore |c 2008 | ||
| 300 | |a 105 páginas | ||
| 630 | |l Italia | ||
| 650 | 0 | |9 212 |a LITERATURA ITALIANA | |
| 942 | |c LIB |h 850 P-8.1p |2 z | ||



